zpět

Detail výsledku týmu

Sokolovna Starovice, Starovice

Datum a čas kvízu

35.5 Celkem bodů Celkový počet nahraných bodů na tomto kvízu bez doplňovacích otázek.
2. Pořadí na kvízu Konečné umístění týmu na tomto kvízu.

Zaznamenané odpovědi

# Otázka Odpověď Body Výsledky
1. Jak se jmenuje funkcionář, jem... Josef Středula 1
2. Na mezinárodní vesmírnou stani... americká (3 členové), ruská (1 člen) 0.5
3. V sobotu večer se v pražském R... Simona Peková, Přišla v noci 0
4. Od středy minulého týdne je za... HHC 1
5. Do kterého týmu minulý týden v... Vegas Golden Knights 1
6. Začneme prvním českým králem p... Přemysl Otakar II., 1278 0.5
7. Další „slavnou“ prohrou, která... stoletá válka 1
8. V bitvě u Lipan, kterou řadí m... z Dubé 1
9. Bitva na Bílé hoře zpečetila o... v 17. století 1
10. Zástupce kterého z těchto stát... B) Španělska 1